មីក្រូសេដ្ឋកិច្ចវិទ្យា (Record no. 8499)

000 -LEADER
fixed length control field 00310nam a22001217a 4500
040 ## - CATALOGING SOURCE
Transcribing agency sy
082 ## - DEWEY DECIMAL CLASSIFICATION NUMBER
Classification number 339
100 ## - MAIN ENTRY--AUTHOR NAME
Personal name ហេង ចំរើន
245 ## - TITLE STATEMENT
Title មីក្រូសេដ្ឋកិច្ចវិទ្យា
260 ## - PUBLICATION, DISTRIBUTION, ETC. (IMPRINT)
Place of publication RUA
Name of publisher ហេង ចំរើន
Year of publication 2003
300 ## - PHYSICAL DESCRIPTION
Number of Pages 96p;
942 ## - ADDED ENTRY ELEMENTS (KOHA)
Koha item type សៀវភៅភាសាខ្មែរ
952 ## - LOCATION AND ITEM INFORMATION (KOHA)
Withdrawn status [LOCAL, KOHA] 0
952 ## - LOCATION AND ITEM INFORMATION (KOHA)
Withdrawn status [LOCAL, KOHA] 0
Holdings
Permanent Location Date acquired Koha item type Lost status Shelving location Barcode Current Location Full call number
Library Block C2016-08-30សៀវភៅភាសាខ្មែរ C191RUA045643Library Block C339 ហេង 2003 C191
Library Block C2016-09-06សៀវភៅភាសាខ្មែរ C064RUA045211Library Block C339 ហេង 2000 C064
មជ្ឈមណ្ឌលឯការនៃសាកលវិទ្យាល័យភូមិន្ទកសិកម្មចំការដូង

Powered by Koha